000 00548nam a2200109Ia 4500
008 171212s9999 xx 000 0 und d
100 _aDamberg, Cheryl L.;Timbie, Justin W.;Bell, Douglas S.;Hiatt, Liisa;Smith, Amber
245 _cDamberg, Cheryl L.;Timbie, Justin W.;Bell, Douglas S.;Hiatt, Liisa;Smith, Amber
_aDeveloping a Framework for Establishing Clinical Decision Support Meaningful Use Objectives for Clinical Specialties
260 _bRAND Corporation
_c2012
650 _aGeneral Science
856 _uwww.jstor.org/stable/10.7249/j.ctt3fh21g
999 _c351937
_d351937